[Event "32. TCh-GRE"]
[Site "?"]
[Date "2003.07.10"]
[Round "8"]
[White "Karapanos Nikolaos"]
[Black "Antoniewski Rafal"]
[Result "1-0"]
[WhiteElo "2243"]
[BlackElo "2499"]
[PlyCount "83"]
[EventDate "2003.??.??"]
[Source "www.chesslib.no"]
[SourceDate "2004.05.04"]

1. d4 c5 2. d5 d6 3. e4 Nf6 4. Nc3 g6 5. Bb5+ Bd7 6. a4 Bg7 7. Nf3 O-O 8. h3 Na6 9. O-O Nc7 10. Bc4 b6 11. Re1 a6 12. e5 Nfe8 13. Bg5 f6 14. e6 fxg5 15. exd7 Qxd7 16. Nxg5 Qf5 17. Nf3 Bf6 18. Ne4 Ng7 19. c3 Kh8 20. Ng3 Qd7 21. Bb3 Rab8 22. Qd2 Nf5 23. Bc2 Nxg3 24. fxg3 Bg7 25. Rad1 Rbe8 26. Ng5 Be5 27. Qe3 Rf6 28. Ne4 Rf5 29. a5 Bg7 30. Ng5 Rxd5 31. axb6 Rxd1 32. Rxd1 Nb5 33. Bb3 h6 34. Ne6 d5 35. Rxd5 Qc6 36. Nxg7 Kxg7 37. Qxc5 Qe6 38. Ba4 Rb8 39. c4 Nd6 40. Qd4+ Kh7 41. c5 Nf5 42. Qe5 1-0

[Event "Capablanca mem-B"]
[Site "Cuba"]
[Date "1993.??.??"]
[Round "11"]
[White "Hoffman, Alejandro"]
[Black "Armas, Jorge"]
[Result "1/2-1/2"]
[WhiteElo "2285"]
[BlackElo "2435"]
[PlyCount "68"]
[EventDate "1993.??.??"]
[Source "ChessBase"]

1. d4 c5 2. d5 d6 3. Nc3 g6 4. e4 Bg7 5. Bb5+ Bd7 6. a4 Nf6 7. Nf3 O-O 8. h3 e6 9. O-O exd5 10. exd5 Bxb5 11. axb5 Nbd7 12. Bf4 Nb6 13. Qd3 Qd7 14. Rfe1 Rfe8 15. Rxe8+ Nxe8 16. Nd2 Nc7 17. Nde4 c4 18. Qd2 Nxb5 19. Be3 Nxc3 20. Nxc3 Qd8 21. Bd4 Nd7 22. Bxg7 Kxg7 23. Qd4+ Qf6 24. Qxc4 Re8 25. Qb5 Re7 26. Qxb7 Nc5 27. Qc6 Re5 28. Qb5 Qf4 29. Rd1 a6 30. Qf1 Qb4 31. Rb1 h5 32. Qd1 a5 33. Qc1 a4 34. Ra1 Qd4 1/2-1/2

[Event "Tula-B"]
[Site "?"]
[Date "2000.??.??"]
[Round "3"]
[White "Mitrofanov Alexander"]
[Black "Alekseev Vadim"]
[Result "1/2-1/2"]
[WhiteElo "2278"]
[BlackElo "2440"]
[PlyCount "51"]
[EventDate "2000.??.??"]
[Source "www.chesslib.no"]
[SourceDate "2004.05.04"]

1. d4 c5 2. d5 d6 3. e4 Nf6 4. Nc3 g6 5. Be2 Bg7 6. Nf3 O-O 7. O-O Na6 8. Nd2 Nc7 9. a4 b6 10. Nc4 Ba6 11. Na3 Bxe2 12. Qxe2 a6 13. Rb1 e6 14. Qd3 exd5 15. exd5 Re8 16. Bf4 Nh5 17. Be3 Rb8 18. Rfd1 Qd7 19. b4 f5 20. bxc5 bxc5 21. Rxb8 Rxb8 22. Nc4 Rb4 23. Na2 Rb8 24. Nc3 Rb4 25. Na2 Rb8 26. Nc3 1/2-1/2

[Event "Independence Cup op-B "]
[Site "?"]
[Date "2002.08.04"]
[Round "9"]
[White "Zakharchenko Arnold"]
[Black "Kislinsky Alexey"]
[Result "0-1"]
[WhiteElo "2382"]
[BlackElo "2336"]
[PlyCount "88"]
[EventDate "2002.??.??"]
[Source "www.chesslib.no"]
[SourceDate "2004.05.04"]

1. d4 c5 2. d5 d6 3. e4 Nf6 4. Nc3 g6 5. Be2 Bg7 6. Nf3 O-O 7. O-O e6 8. Bg5 h6 9. Be3 exd5 10. exd5 Re8 11. Qd2 Kh7 12. h3 Na6 13. a3 Nc7 14. b4 b6 15. bxc5 bxc5 16. Rab1 Bf5 17. Rb7 Re7 18. Rb3 Rb8 19. Rfb1 Rxb3 20. Rxb3 Qa8 21. Bc4 Ne4 22. Nxe4 Bxe4 23. Bxc5 dxc5 24. d6 Rd7 25. dxc7 Rxd2 26. Rb8 Rd1+ 27. Bf1 Qc6 28. c8=Q Qxc8 29. Rxc8 Bxc2 30. Rxc5 Bd3 31. Nh2 Ra1 32. Rc7 Be5 33. Rxf7+ Kg8 34. Rxa7 Bxh2+ 35. Kxh2 Bxf1 36. h4 h5 37. Kg3 Ra2 38. Kf3 Kf8 39. g3 Bb5 40. Ke3 Re2+ 41. Kf3 Re7 42. Rxe7 Kxe7 43. Kf4 Kf6 44. f3 Bc6 0-1

[Event "CRO Ch"]
[Site "Zagreb CRO"]
[Date "1993.??.??"]
[Round "9"]
[White "Matijevic, Hrvoje"]
[Black "Kosanski, Stanko"]
[Result "1/2-1/2"]
[WhiteElo "2295"]
[BlackElo "2415"]
[PlyCount "129"]
[EventDate "1993.??.??"]
[Source "www.chesslib.no"]
[SourceDate "2004.05.04"]

1. d4 c5 2. d5 d6 3. e4 a6 4. a4 e5 5. Nc3 Be7 6. f4 exf4 7. Bxf4 Bg5 8. Bxg5 Qxg5 9. Nf3 Qe7 10. Be2 Bg4 11. Nd2 Bxe2 12. Qxe2 Nd7 13. Nc4 Ngf6 14. O-O O-O 15. a5 Ne5 16. Nxe5 Qxe5 17. Ra4 g6 18. Qf3 Kg7 19. Nd1 Rae8 20. Nf2 Nd7 21. Qb3 Rb8 22. Ng4 Qg5 23. Qc3+ f6 24. Nf2 Ne5 25. Nh3 Qg4 26. Nf4 Rf7 27. Ne6+ Kg8 28. h3 Qe2 29. Re1 Qb5 30. b3 Re8 31. Rf1 Qd7 32. Qe3 Qe7 33. Raa1 Nd7 34. Rae1 Nf8 35. Nf4 f5 36. e5 dxe5 37. Nd3 Nd7 38. g4 Qh4 39. Kg2 e4 40. Qg3 Qxg3+ 41. Kxg3 fxg4 42. Rxf7 Kxf7 43. Nf2 Nf6 44. hxg4 e3 45. Nd3 Nxd5 46. Nxc5 Rc8 47. Nxb7 Rxc2 48. b4 e2 49. b5 axb5 50. Nd6+ Kf6 51. Nxb5 Ra2 52. a6 Kg5 53. a7 Nf4 54. Nd4 Nd3 55. Rxe2 Rxa7 56. Re3 Nb4 57. Rb3 Nd5 58. Rb5 Rd7 59. Ne6+ Kf6 60. Nf8 Rd8 61. Nxh7+ Ke5 62. Ng5 Kf6 63. Ne4+ Kf7 64. Ng5+ Kf6 65. Ne4+ 1/2-1/2

[Event "Memorial Najdorf - Open"]
[Site "Varsavia POL"]
[Date "2008.08.05"]
[Round "4"]
[White "Przezdziecka, M."]
[Black "Brodowski, P."]
[Result "0-1"]
[WhiteElo "2281"]
[BlackElo "2424"]
[PlyCount "62"]
[EventDate "2008.08.02"]
[Source "www.chesslib.no"]
[SourceDate "2004.05.04"]

1. d4 c5 2. d5 d6 3. e4 Nf6 4. Nc3 g6 5. Nf3 Bg7 6. Bb5+ Bd7 7. a4 O-O 8. O-O Bxb5 9. axb5 Nbd7 10. Qe2 Nb6 11. Re1 Ne8 12. Bf4 Nc7 13. Rad1 Qd7 14. e5 Rad8 15. Bg3 f6 16. exd6 exd6 17. Qe7 h6 18. h4 Rfe8 19. Qxd7 Rxe1+ 20. Nxe1 Rxd7 21. Ra1 f5 22. Rxa7 Bxc3 23. bxc3 Nxb5 24. Ra5 Nxc3 25. Nd3 Ne2+ 26. Kf1 Nxg3+ 27. fxg3 Nxd5 28. Kf2 Kf7 29. Ra8 b5 30. Rh8 Kg7 31. Rb8 b4 0-1

[Event "Tirnavia-B"]
[Site "Trnava"]
[Date "1984.??.??"]
[Round "5"]
[White "Gruen, Peter"]
[Black "Horvath, Gyula"]
[Result "0-1"]
[WhiteElo "2325"]
[BlackElo "2375"]
[PlyCount "80"]
[EventDate "1984.03.??"]
[Source "www.chesslib.no"]
[SourceDate "2004.05.04"]

1. d4 c5 2. d5 d6 3. e4 g6 4. Nc3 Bg7 5. Nf3 Na6 6. Be2 Nc7 7. O-O a6 8. a4 Nf6 9. Re1 O-O 10. h3 Rb8 11. a5 b5 12. axb6 Rxb6 13. Nd2 Rb4 14. Bf1 Bd7 15. Ncb1 e6 16. c3 Rb8 17. dxe6 Bxe6 18. Nc4 d5 19. Bf4 Nxe4 20. Rxe4 dxe4 21. Qxd8 Rbxd8 22. Bxc7 Rd1 23. Ne3 Rc1 24. Bf4 a5 25. Kh2 Rd8 26. Bc4 Bxc4 27. Nxc4 Rf1 28. Kg3 Rd3+ 29. Be3 Bh6 30. Ncd2 Rd1 31. Rxa5 Bxe3 32. fxe3 Rxe3+ 33. Kf4 Re2 34. Rxc5 e3 35. Nf3 Rxb1 36. b4 Rf1 37. b5 Rxg2 38. b6 e2 39. b7 e1=Q 40. b8=Q+ Kg7 0-1

[Event "Melbourne Masters"]
[Site "Melbourne AUS"]
[Date "1993.??.??"]
[Round "7"]
[White "Goldsmith, Alan D"]
[Black "West, Guy"]
[Result "1-0"]
[WhiteElo "2295"]
[BlackElo "2405"]
[PlyCount "73"]
[EventDate "1993.??.??"]
[Source "www.chesslib.no"]
[SourceDate "2004.05.04"]

1. d4 c5 2. d5 d6 3. Nc3 Nf6 4. e4 g6 5. h4 Bg7 6. h5 Nxh5 7. Be2 Nf6 8. g4 Na6 9. f4 Nc7 10. g5 Ng8 11. Qd3 Rb8 12. Qg3 b5 13. Nf3 b4 14. Nd1 e6 15. dxe6 fxe6 16. Ne3 Ne7 17. Ng4 Bb7 18. Nf6+ Kf7 19. f5 gxf5 20. Bf4 fxe4 21. Nh4 e5 22. Bh5+ Kf8 23. O-O Ng6 24. Nxh7+ Rxh7 25. Bxg6 Kg8 26. Bxh7+ Kxh7 27. g6+ Kg8 28. Bg5 Qe8 29. Rf7 Ne6 30. Nf5 Bf8 31. Qh4 Nxg5 32. Qxg5 Qxf7 33. gxf7+ Kxf7 34. Rf1 Ke6 35. Qg6+ Kd7 36. Nxd6 Bd5 37. Rd1 1-0

[Event "ADCF Masters, Abu Dhabi UAE"]
[Site "?"]
[Date "2001.??.??"]
[Round "4"]
[White "Barsov, A."]
[Black "Mohamed, Ho"]
[Result "1/2-1/2"]
[WhiteElo "2495"]
[BlackElo "2200"]
[PlyCount "34"]
[EventDate "2001.??.??"]
[Source "www.chesslib.no"]
[SourceDate "2004.05.04"]

1. d4 c5 2. d5 d6 3. e4 Nf6 4. Nc3 g6 5. Nf3 Bg7 6. Be2 O-O 7. O-O Na6 8. Re1 Nc7 9. a4 b6 10. h3 Bb7 11. Bf4 Qd7 12. Bc4 Rad8 13. Bh2 a6 14. Qd3 Qc8 15. Ra3 e6 16. dxe6 fxe6 17. e5 dxe5 1/2-1/2

[Event "Campionato Americano 2007"]
[Site "Cali COL"]
[Date "2007.07.10"]
[Round "1.17"]
[White "Cordova, Emilio"]
[Black "Moreno, William"]
[Result "1-0"]
[WhiteElo "2492"]
[BlackElo "2194"]
[PlyCount "57"]
[EventDate "2007.07.10"]
[Source "www.chesslib.no"]
[SourceDate "2004.05.04"]

1. d4 c5 2. d5 d6 3. Nc3 g6 4. e4 Bg7 5. h3 Nf6 6. Nf3 O-O 7. a4 e6 8. Be2 exd5 9. exd5 Na6 10. Nd2 Nb4 11. Nc4 Re8 12. O-O Bf5 13. Ne3 Rxe3 14. Bxe3 Nxc2 15. g4 Nxe3 16. fxe3 Bd7 17. Bb5 Qe7 18. Qf3 Re8 19. g5 Nh5 20. Bxd7 Qxd7 21. Ne4 Re5 22. Rac1 Rxd5 23. Rcd1 Qe6 24. Rxd5 Qxd5 25. Rd1 Qb3 26. Nxd6 Be5 27. Ne4 Nf4 28. Rd8+ Kg7 29. Nf6 1-0

[Event "It Open"]
[Site "Castrop-Rauxel GER"]
[Date "1990.??.??"]
[Round "5"]
[White "Hermann, Manfred"]
[Black "Backwinkel, Paul"]
[Result "1-0"]
[WhiteElo "2330"]
[BlackElo "2355"]
[PlyCount "75"]
[EventDate "1990.??.??"]
[Source "www.chesslib.no"]
[SourceDate "2004.05.04"]

1. d4 c5 2. d5 d6 3. e4 Nf6 4. f3 e5 5. c4 Be7 6. Be3 Na6 7. Nc3 Nc7 8. Bd3 a6 9. Nge2 Rb8 10. a4 O-O 11. Qd2 Bd7 12. a5 Nfe8 13. O-O h6 14. b4 cxb4 15. Na4 Bg5 16. Nb6 Bxe3+ 17. Qxe3 Nf6 18. Rab1 Na8 19. Rxb4 Qc7 20. Rfb1 Bc8 21. Ng3 Nd7 22. Nxd7 Bxd7 23. Qa7 Bc8 24. Kh1 g6 25. R4b2 h5 26. Nf1 Kg7 27. c5 dxc5 28. Ne3 Bd7 29. Rxb7 Rxb7 30. Rxb7 Qxa5 31. Rxd7 Qd2 32. Qxc5 Qxd3 33. h3 Qd2 34. d6 Qd4 35. Qc1 Nb6 36. Rc7 Qxd6 37. Rc6 Qd4 38. Nf5+ 1-0

[Event "CZE Team Ch 9596"]
[Site "Czech Republic"]
[Date "1996.??.??"]
[Round "9"]
[White "Pribyl, Martin"]
[Black "Bakalar, Petr"]
[Result "1/2-1/2"]
[WhiteElo "2325"]
[BlackElo "2355"]
[PlyCount "33"]
[EventDate "1995.??.??"]
[Source "www.chesslib.no"]
[SourceDate "2004.05.04"]

1. d4 c5 2. d5 d6 3. e4 g6 4. f4 Bg7 5. Nf3 e6 6. Nc3 exd5 7. Nxd5 Nf6 8. Nxf6+ Qxf6 9. Bb5+ Nd7 10. e5 dxe5 11. fxe5 Qb6 12. Qe2 O-O 13. Bf4 a6 14. Bc4 Qa5+ 15. Bd2 Qc7 16. e6 fxe6 17. Bxe6+ 1/2-1/2

[Event "FRG Ch 20th"]
[Site "Bad Neuenahr GER"]
[Date "1989.??.??"]
[Round "?"]
[White "Wegner, Hannu"]
[Black "Backwinkel, Paul"]
[Result "0-1"]
[WhiteElo "2350"]
[BlackElo "2325"]
[PlyCount "80"]
[EventDate "1989.??.??"]
[Source "www.chesslib.no"]
[SourceDate "2004.05.04"]

1. d4 c5 2. d5 d6 3. e4 Nf6 4. Nc3 g6 5. Nf3 Bg7 6. Be2 O-O 7. O-O Na6 8. Bf4 Nc7 9. a4 Nh5 10. Bg5 h6 11. Be3 a6 12. Nd2 Nf6 13. a5 Nb5 14. Na4 e5 15. Nb6 Rb8 16. c3 Bd7 17. Rc1 Be8 18. b4 cxb4 19. cxb4 Nh7 20. f3 f5 21. Qc2 f4 22. Bf2 Bf6 23. Rfd1 Rf7 24. Bxb5 axb5 25. Nb1 Nf8 26. Rd3 g5 27. Rc3 Rg7 28. Qe2 h5 29. h3 g4 30. fxg4 hxg4 31. hxg4 Bh4 32. Rh3 Bxf2+ 33. Kxf2 Nh7 34. Rch1 Qg5 35. g3 Bg6 36. Nd2 Rf8 37. gxf4 Rxf4+ 38. Rf3 Nf6 39. Rhh3 Rxg4 40. Rhg3 Bxe4 0-1

[Event "NRW-Liga I 9293"]
[Site "GER"]
[Date "1993.??.??"]
[Round "?"]
[White "Boehle, Lars"]
[Black "Bachmann, Karlheinz"]
[Result "1-0"]
[WhiteElo "2345"]
[BlackElo "2325"]
[PlyCount "69"]
[EventDate "1993.10.??"]
[Source "www.chesslib.no"]
[SourceDate "2004.05.04"]

1. d4 c5 2. d5 d6 3. e4 g6 4. Be2 Bg7 5. Nf3 Nf6 6. Nc3 O-O 7. O-O Na6 8. Bf4 Bg4 9. Nd2 Bxe2 10. Qxe2 Nc7 11. a4 e5 12. Bg5 h6 13. Be3 Nh5 14. g3 Qd7 15. Nc4 b6 16. Rab1 Kh7 17. Rfd1 Nf6 18. b4 cxb4 19. Rxb4 Rfc8 20. Rb3 Rab8 21. f3 Nfe8 22. Rdb1 Na8 23. Qd3 Qd8 24. Nb5 Rb7 25. f4 f6 26. Kg2 h5 27. fxe5 fxe5 28. Rf1 Nec7 29. Nc3 Bf6 30. Na5 Rbb8 31. Nc6 Qd7 32. Nxb8 Rxb8 33. Nb5 Na6 34. Nxd6 Qxd6 35. Qxa6 1-0

[Event "It (Men) Guingamp FRA"]
[Site "?"]
[Date "2006.03.02"]
[Round "6"]
[White "Gicquel Frederic"]
[Black "Bogdan Dan"]
[Result "1/2-1/2"]
[WhiteElo "2229"]
[BlackElo "2441"]
[PlyCount "57"]
[EventDate "2006.??.??"]
[Source "www.chesslib.no"]
[SourceDate "2004.05.04"]

1. d4 c5 2. d5 d6 3. c4 e6 4. Nc3 exd5 5. cxd5 g6 6. e4 a6 7. a4 Bg7 8. Nf3 Bg4 9. Be2 Bxf3 10. Bxf3 Nd7 11. O-O Ne7 12. Bf4 Ne5 13. Be2 O-O 14. Qd2 f5 15. f3 Qd7 16. a5 Rae8 17. Rab1 Rb8 18. b4 cxb4 19. Nd1 fxe4 20. fxe4 b5 21. Rxb4 Rbc8 22. Rb3 Qc7 23. Ne3 Qc5 24. Bg5 Rxf1+ 25. Kxf1 Rf8+ 26. Ke1 Re8 27. Kf1 Rf8+ 28. Ke1 Re8 29. Kf1 1/2-1/2

[Event "Rybinsk (Russia)"]
[Site "?"]
[Date "2004.08.??"]
[Round "1"]
[White "Vitiugov Nikita"]
[Black "Okara Andrey"]
[Result "1-0"]
[WhiteElo "2458"]
[BlackElo "2210"]
[PlyCount "47"]
[EventDate "2004.??.??"]
[Source "www.chesslib.no"]
[SourceDate "2004.05.04"]

1. d4 c5 2. d5 d6 3. e4 Nf6 4. Nc3 g6 5. Nf3 Bg7 6. Bb5+ Nbd7 7. a4 a6 8. Be2 O-O 9. O-O b6 10. Nd2 Qc7 11. Re1 e6 12. Nc4 Ne8 13. h3 Ne5 14. Ne3 g5 15. Ng4 h6 16. f4 Nxg4 17. Bxg4 Bxc3 18. bxc3 Qe7 19. c4 e5 20. Bxc8 Rxc8 21. fxg5 hxg5 22. Qg4 Ng7 23. Bxg5 f6 24. Bh6 1-0

[Event "Buenos Aires Najdorf qual"]
[Site "Buenos Aires ARG"]
[Date "1992.??.??"]
[Round "4"]
[White "Biagi, Eduardo"]
[Black "Szmetan, Jorge"]
[Result "0-1"]
[WhiteElo "2265"]
[BlackElo "2400"]
[PlyCount "126"]
[EventDate "1992.??.??"]
[Source "www.chesslib.no"]
[SourceDate "2004.05.04"]

1. d4 c5 2. d5 d6 3. Nc3 e6 4. e4 exd5 5. Nxd5 Be6 6. Nf3 Nf6 7. Bb5+ Nbd7 8. O-O Bxd5 9. exd5 Be7 10. Re1 O-O 11. Bf1 Re8 12. b3 Nb6 13. c4 Qc7 14. Bb2 Nfd7 15. Qc2 Bf6 16. Bd3 Bxb2 17. Qxb2 Nf6 18. Kf1 Rxe1+ 19. Rxe1 Re8 20. Qb1 Rxe1+ 21. Qxe1 Kf8 22. Bf5 g6 23. Bd3 Nbd7 24. Qe3 Ng4 25. Qd2 Qd8 26. Qc3 Nde5 27. Nxe5 Nxe5 28. Be2 Qh4 29. h3 Qe4 30. Qc1 Kg7 31. f4 Nd7 32. Bf3 Qd4 33. Ke2 h5 34. Qe3 Qb2+ 35. Qd2 Qa1 36. Kd3 Qd4+ 37. Kc2 Qa1 38. Qc3+ Qxc3+ 39. Kxc3 Kf6 40. Kd3 h4 41. Bg4 Nf8 42. Ke4 b6 43. Be2 Kg7 44. Kf3 f5 45. Bd3 Nd7 46. Bc2 Kh6 47. Ke3 Nf6 48. Kf3 Nh5 49. Ke3 Kg7 50. Bd3 Kf6 51. Be2 Ng3 52. Bd3 g5 53. Kf3 Nh5 54. fxg5+ Kxg5 55. Bb1 Nf4 56. Bc2 Ng6 57. Ke3 Kf6 58. Bd1 Ke5 59. Bh5 Nf8 60. Bd1 Nh7 61. Bc2 Ng5 62. Bd1 f4+ 63. Kd3 f3 0-1

[Event "POL Ch 36th"]
[Site "Tarnow"]
[Date "1979.??.??"]
[Round "5"]
[White "Lipski, Tadeusz"]
[Black "Marszalek, Rafal"]
[Result "0-1"]
[WhiteElo "2310"]
[BlackElo "2340"]
[PlyCount "58"]
[EventDate "1979.??.??"]
[Source "www.chesslib.no"]
[SourceDate "2004.05.04"]

1. d4 c5 2. d5 d6 3. e4 Nf6 4. Nc3 g6 5. Be2 Bg7 6. Nf3 O-O 7. O-O Na6 8. Re1 Nc7 9. Bg5 Rb8 10. a4 a6 11. a5 b5 12. axb6 Rxb6 13. e5 dxe5 14. Na4 Rd6 15. c4 e6 16. Nxe5 exd5 17. Nxc5 h6 18. Bh4 Re8 19. f4 g5 20. fxg5 hxg5 21. Bg3 dxc4 22. Bxc4 Rxd1 23. Raxd1 Nfd5 24. Nc6 Rxe1+ 25. Rxe1 Qf8 26. Ne4 Be6 27. Bd6 Qa8 28. Ne5 Ne8 29. Nxf7 Bxf7 0-1

[Event "Ciego de Avila"]
[Site "Ciego de Avila"]
[Date "1997.??.??"]
[Round "1"]
[White "Rivera, Alberto"]
[Black "Montalvo, Alejandro"]
[Result "1-0"]
[WhiteElo "2420"]
[BlackElo "2230"]
[PlyCount "69"]
[EventDate "1997.09.??"]
[Source "ChessBase"]
[SourceDate "1997.11.24"]

1. d4 c5 2. d5 d6 3. e4 g6 4. Nf3 Bg7 5. Be2 Nf6 6. Nc3 O-O 7. O-O Bg4 8. Re1 Nbd7 9. h3 Bxf3 10. Bxf3 a6 11. a4 Qc7 12. Bf4 Rab8 13. Be2 c4 14. a5 b5 15. axb6 Rxb6 16. Na4 Rb7 17. Bf1 Rc8 18. Bd2 Ne8 19. Bc1 Rb5 20. Re3 Nc5 21. Nxc5 Qxc5 22. c3 Bh6 23. Re2 Bxc1 24. Qxc1 Ra5 25. Rd2 Nf6 26. Rd4 Rxa1 27. Qxa1 Qb5 28. b4 Nd7 29. f4 Nb6 30. Be2 Ra8 31. Qa5 Rc8 32. Qa2 Ra8 33. Bxc4 Nxc4 34. Qxc4 Qb7 35. Qc6 1-0

[Event "Abu Dhabi (14eme open)"]
[Site "?"]
[Date "2004.08.14"]
[Round "1"]
[White "Sundararajan Kidambi"]
[Black "Mohamed Ho"]
[Result "1-0"]
[WhiteElo "2452"]
[BlackElo "2198"]
[PlyCount "35"]
[EventDate "2004.??.??"]
[Source "www.chesslib.no"]
[SourceDate "2004.05.04"]

1. d4 c5 2. d5 d6 3. e4 e6 4. Nc3 exd5 5. Nxd5 Nc6 6. Bc4 h6 7. Ne2 a6 8. a4 Ne5 9. Ba2 b5 10. O-O Bb7 11. f4 Nc6 12. Be3 Nge7 13. Ng3 Nxd5 14. Bxd5 Be7 15. axb5 axb5 16. Qe2 c4 17. Nf5 Bf6 18. Rad1 1-0

[Event "BL2-W 9091"]
[Site "GER"]
[Date "1991.??.??"]
[Round "?"]
[White "Gerusel, Mathias"]
[Black "Rosen, Bernd"]
[Result "0-1"]
[WhiteElo "2355"]
[BlackElo "2290"]
[PlyCount "76"]
[EventDate "1990.10.??"]
[Source "www.chesslib.no"]
[SourceDate "2004.05.04"]

1. d4 c5 2. d5 d6 3. e4 Nf6 4. Nc3 g6 5. Be2 Bg7 6. Nf3 O-O 7. Nd2 Na6 8. f3 Nc7 9. a4 e6 10. Nc4 exd5 11. exd5 b6 12. Bf4 Ba6 13. Qd2 Bxc4 14. Bxc4 Re8+ 15. Kf2 Nh5 16. Bg5 Bd4+ 17. Kf1 Qd7 18. Nd1 a6 19. g4 Ng7 20. c3 Be5 21. Nf2 b5 22. Ba2 f6 23. Be3 f5 24. h3 f4 25. Bxf4 Bxf4 26. Qxf4 Rf8 27. Qg3 c4 28. b3 Nxd5 29. bxc4 Ne3+ 30. Ke2 Rae8 31. Ne4 Nxc4 32. axb5 axb5 33. Rhd1 d5 34. Bxc4 bxc4 35. Ra5 Qb7 36. Raxd5 Qb2+ 37. R1d2 Qxc3 38. Re5 Qxe5 0-1

[Event "It"]
[Site "?"]
[Date "2004.04.14"]
[Round "4"]
[White "Petakov Uros"]
[Black "Grujic Zoran"]
[Result "1/2-1/2"]
[WhiteElo "2251"]
[BlackElo "2391"]
[PlyCount "78"]
[EventDate "2004.??.??"]
[Source "www.chesslib.no"]
[SourceDate "2004.05.04"]

1. d4 c5 2. d5 d6 3. Nc3 Nf6 4. e4 g6 5. f4 Bg7 6. Bb5+ Nfd7 7. a4 O-O 8. Nf3 a6 9. Be2 Nf6 10. Nd2 e6 11. dxe6 Bxe6 12. O-O d5 13. e5 Ne8 14. g4 Nc6 15. Nb3 c4 16. Nd4 Nxd4 17. Qxd4 f6 18. Bf3 Nc7 19. Be3 Qd7 20. f5 fxe5 21. fxe6 exd4 22. exd7 dxc3 23. bxc3 Rad8 24. Rab1 b5 25. axb5 axb5 26. Bb6 Rxd7 27. Bxc7 Rxc7 28. Bxd5+ Kh8 29. Rxf8+ Bxf8 30. Rxb5 Rc5 31. Rxc5 Bxc5+ 32. Kg2 Kg7 33. Bxc4 Kf6 34. h4 h5 35. Kf3 Ke5 36. Bb3 Be7 37. Kg3 Kf6 38. Bc4 Bd6+ 39. Kf3 Be5 1/2-1/2

[Event "Espoo We MatSK op"]
[Site "?"]
[Date "1998.??.??"]
[Round "1"]
[White "Kiltti Jyrki"]
[Black "Kiik Kalle"]
[Result "0-1"]
[WhiteElo "2190"]
[BlackElo "2445"]
[PlyCount "118"]
[EventDate "1998.??.??"]
[Source "www.chesslib.no"]
[SourceDate "2004.05.04"]

1. d4 c5 2. d5 d6 3. c4 g6 4. e4 Bg7 5. Bd3 Nf6 6. Ne2 e6 7. Nbc3 exd5 8. cxd5 a6 9. a4 Ng4 10. O-O O-O 11. a5 Ne5 12. Bc2 Nc4 13. f4 Nxa5 14. e5 dxe5 15. f5 Nc4 16. Ng3 Nd6 17. Nh5 Bxf5 18. Bxf5 Nxf5 19. Ne4 Qh4 20. g4 gxh5 21. Rxf5 Qxg4+ 22. Qxg4 hxg4 23. Bg5 Nd7 24. Be7 Rfe8 25. Bd6 f6 26. Kg2 Bf8 27. Kg3 Bxd6 28. Nxd6 Re7 29. Kxg4 Rg7+ 30. Kf3 b6 31. Rh5 a5 32. Nf5 Rg6 33. Ne7+ Kg7 34. Ke4 Re8 35. d6 Rg4+ 36. Kd5 Nf8 37. Kc6 Kf7 38. Kxb6 Rb8+ 39. Kc6 a4 40. Rf1 Rf4 41. Rxf4 exf4 42. Nd5 Rxb2 43. Rf5 a3 44. Rxf6+ Kg7 45. Rxf4 a2 46. Ra4 Rxh2 47. Ra7+ Kg6 48. Nc3 Rc2 49. Nxa2 h5 50. Ra3 h4 51. Nc3 h3 52. Nd5 h2 53. Rh3 c4 54. d7 Nxd7 55. Kxd7 Kg5 56. Ne3 Rd2+ 57. Ke6 c3 58. Nf1 Re2+ 59. Kd5 c2 0-1